Statystyki dla Zwycięzcy Ligi Europy (1972-2021)

Kliknij tutaj aby rozwiązać quiz!

Ogólne statystyki

  • Ten quiz został rozwiązany 162 razy
  • Średni wynik to 30 z 50

Statystyki odpowiedzi

SezonZwycięzca% Poprawnych
16-17Manchester United
92%
18-19Chelsea
91%
12-13Chelsea
91%
19-20Sevilla
90%
05-06Sevilla
90%
15-16Sevilla
90%
14-15Sevilla
90%
13-14Sevilla
90%
06-07Sevilla
90%
20-21Villarreal
81%
09-10Atletico Madryt
80%
17-18Atletico Madryt
80%
11-12Atletico Madryt
80%
00-01Liverpool
77%
72-73Liverpool
77%
75-76Liverpool
77%
85-86Real Madryt
77%
84-85Real Madryt
77%
97-98Inter
76%
90-91Inter
76%
93-94Inter
76%
87-88Bayer Leverkusen
75%
89-90Juventus
75%
92-93Juventus
75%
76-77Juventus
75%
91-92Ajax Amsterdam
65%
71-72Tottenham
61%
83-84Tottenham
61%
02-03Porto
60%
10-11Porto
60%
95-96Bayern Monachium
58%
03-04Valencia
53%
77-78PSV
48%
88-89Napoli
47%
04-05CSKA Moskwa
45%
08-09Szachtar Donieck
45%
07-08Zenit
42%
01-02Feyenoord
40%
73-74Feyenoord
40%
96-97Schalke 04 Gelsenkirchen
36%
98-99Parma
32%
94-95Parma
32%
74-75Borussia Monchengladbach
23%
78-79Borussia Monchengladbach
23%
79-80Eintracht Frankfurt
23%
99-00Galatasaray
23%
82-83Anderlecht
22%
80-81Ipswich Town
10%
81-82Goteborg
8%
86-87Goteborg
8%

Rozkład punktacji

Percentyl według liczby udzielonych odpowiedzi

Procent ludzi z każdym wynikiem

Twoja historia wyników

Nie rozwiązałeś tego quizu